00393nam a2200145Ia 4500008004100000020001800041082001700059100002200076245003100098250001100129260002800140300001500168650002100183700004300204240827s9999 xx 000 0 und d a9788184873719 a004.36bR13E aRajan, S. Varada  0aEmbedded Real Time Systems aLatest aNew DelhibNAROSAc2016 axv, 11.9p. aComputer Science aReddy, M. M. PrasadaReddy M. Jithendra